Mindszenty József a népbíróság előtt
| Contributors: | |
|---|---|
| Format: | Print Book |
| Language: | Hungarian |
| Subito Delivery Service: | Order now. |
| Check availability: | HBZ Gateway |
| WorldCat: | WorldCat |
| Interlibrary Loan: | Interlibrary Loan for the Fachinformationsdienste (Specialized Information Services in Germany) |
| Published: |
Paris
I.U.S.
1986
|
| In: |
Politikai perek (2)
Year: 1949 |
| Edition: | [Repr. d. Ausg.] Budapest : Grill 1949 |
| Series/Journal: | Politikai perek
2 |
| Standardized Subjects / Keyword chains: | B
Mindszenty, József 1892-1975
/ Process
B Mindszenty, József 1892-1975 / Show trial / Geschichte 1949 |
MARC
| LEADER | 00000cam a2200000 c 4500 | ||
|---|---|---|---|
| 001 | 013056905 | ||
| 003 | DE-627 | ||
| 005 | 20251219200915.0 | ||
| 007 | tu | ||
| 008 | 861006r19861949hu ||||| 00| ||hun c | ||
| 035 | |a (DE-627)013056905 | ||
| 035 | |a (DE-576)9013056903 | ||
| 035 | |a (DE-599)GBV013056905 | ||
| 035 | |a (OCoLC)220456693 | ||
| 040 | |a DE-627 |b ger |c DE-627 |e rakwb | ||
| 041 | |a hun | ||
| 044 | |c XA-HU | ||
| 082 | 0 | |a 200.9 |q DE-604 |2 22/ger | |
| 082 | 0 | |a 909 |q DE-604 |2 22/ger | |
| 082 | 0 | |a 929 |q DE-604 |2 22/ger | |
| 084 | |a 1 |2 ssgn | ||
| 084 | |a 15.61 |2 bkl | ||
| 084 | |a 89.58 |2 bkl | ||
| 242 | 1 | 0 | |a Kardinal Mindszenty vor dem Volksgerichtshof |y hun |
| 245 | 0 | 0 | |a Mindszenty József a népbíróság előtt |c a bevezetöt írta és Mindszenty "Emlékiratai"-ból összeállította: Békés Gellért |
| 250 | |a [Repr. d. Ausg.] Budapest : Grill 1949 | ||
| 264 | 1 | |a Paris |b I.U.S. |c 1986 | |
| 300 | |a XCV, 186, XV S |b Ill | ||
| 336 | |a Text |b txt |2 rdacontent | ||
| 337 | |a ohne Hilfsmittel zu benutzen |b n |2 rdamedia | ||
| 338 | |a Band |b nc |2 rdacarrier | ||
| 490 | 1 | |a Politikai perek |v 2 | |
| 490 | 0 | |a I.U.S. Irodalmi Újság sorozata | |
| 534 | |c 1949 | ||
| 583 | 1 | |a Archivierung prüfen |c 20240324 |f DE-4165 |z 1 |2 pdager | |
| 689 | 0 | 0 | |d p |0 (DE-588)118582615 |0 (DE-627)079377009 |0 (DE-576)186785410 |2 gnd |a Mindszenty, József |d 1892-1975 |
| 689 | 0 | 1 | |d s |0 (DE-588)4047577-3 |0 (DE-627)106194216 |0 (DE-576)209073985 |2 gnd |a Prozess |
| 689 | 0 | |5 DE-101 | |
| 689 | 1 | 0 | |d p |0 (DE-588)118582615 |0 (DE-627)079377009 |0 (DE-576)186785410 |2 gnd |a Mindszenty, József |d 1892-1975 |
| 689 | 1 | 1 | |d s |0 (DE-588)4179438-2 |0 (DE-627)105333646 |0 (DE-576)209991291 |2 gnd |a Schauprozess |
| 689 | 1 | 2 | |q z |2 gnd |a Geschichte 1949 |
| 689 | 1 | |5 (DE-627) | |
| 700 | 1 | |8 1\p |e Hrsg. |0 (DE-588)119312727 |0 (DE-627)08012089X |0 (DE-576)212020730 |4 edt |a Békés, Gellért |d 1915-1999 | |
| 830 | 0 | |a Politikai perek |v 2 |9 200 |w (DE-627)129812471 |w (DE-576)47304451X |w (DE-600)271778-5 |x 0290-4632 |7 am | |
| 883 | |8 1\p |a cgwrk |d 20241001 |q DE-101 |u https://d-nb.info/provenance/plan#cgwrk | ||
| 935 | |a mteo | ||
| 936 | b | k | |a 15.61 |j Tschechien |j Slowakei |j Ungarn |x Geschichte |0 (DE-627)181570068 |
| 936 | b | k | |a 89.58 |j Politische Gewalt |0 (DE-627)106416960 |
| 951 | |a BO | ||
| ELC | |b 1 | ||
| LOK | |0 000 xxxxxcx a22 zn 4500 | ||
| LOK | |0 001 3723019978 | ||
| LOK | |0 003 DE-627 | ||
| LOK | |0 004 013056905 | ||
| LOK | |0 005 20200710090434 | ||
| LOK | |0 008 200710||||||||||||||||ger||||||| | ||
| LOK | |0 035 |a (DE-Tue135)BVBBV000703954 | ||
| LOK | |0 040 |a DE-Tue135 |c DE-627 |d DE-Tue135 | ||
| LOK | |0 092 |o n | ||
| LOK | |0 852 |a DE-Tue135 | ||
| LOK | |0 852 1 |9 00 | ||
| LOK | |0 935 |a bsbo | ||
| LOK | |0 939 |a 10-07-20 |b l01 | ||
| ORI | |a SA-MARC-ixtheoa001.raw | ||
| REL | |a 1 | ||
| STA | 0 | 0 | |a Process,Process,Trial,Lawsuit,Proceedings,Legal action,Litigation,Show trial |
| STB | 0 | 0 | |a Processus,Procès,Processus,Processus,Procès-spectacle,Parodie de justice,Parodie de justice |
| STC | 0 | 0 | |a Juicio amañado,Juicio espectáculo,Juicio espectáculo,Proceso,Proceso |
| STD | 0 | 0 | |a Processo farsa,Processo,Processo |
| STE | 0 | 0 | |a 诉讼,诉讼程序 |
| STF | 0 | 0 | |a 作秀公审,訴訟,訴訟程序 |
| STG | 0 | 0 | |a Processo,Processo,Pseudo-julgamento,Julgamento mediático,Julgamento mediático |
| STH | 0 | 0 | |a Показательный процесс,Процесс (психология),Процесс |
| STI | 0 | 0 | |a Διαδικασία (ψυχολογία),Δίκη,Παρωδία δίκης |
| SUB | |a REL | ||
| SYG | 0 | 0 | |a Pehm, Joseph,1892-1975,Mindszenty, José,1892-1975,Mindszenty, Josef,1892-1975,Mindszenty, Joseph,1892-1975,Pehm, József,1892-1975,Mindszenty, Jósef,1892-1975,József Kardinal Mindszenty,1892-1975,Mindszenty, József, Kardinal,1892-1975 , Gerichtsverfahren,Gerichtsprozess,Prozesse , Pehm, Joseph,1892-1975,Mindszenty, José,1892-1975,Mindszenty, Josef,1892-1975,Mindszenty, Joseph,1892-1975,Pehm, József,1892-1975,Mindszenty, Jósef,1892-1975,József Kardinal Mindszenty,1892-1975,Mindszenty, József, Kardinal,1892-1975 |
| TIM | |a 100019490101_100019491231 |b Geschichte 1949 | ||



